[Event "Drive the Cold Winter Away!!!"]
[Site "SchemingMind.com"]
[Date "2012.02.13"]
[Round "-"]
[White "Olli Ylönen"]
[Black "olavax"]
[Result "1-0"]
[WhiteCountry "FIN"]
[BlackCountry "FRA"]
[WhiteElo "1815"]
[WhiteRD "53"]
[BlackElo "1562"]
[BlackRD "104"]
[GameID "303057"]

1. e4 e5 2. Nf3 Nc6 3. d4 exd4 4. Nxd4 Bc5 5. Be3 Qf6 6. c3 Nge7 7. Bc4 Na5 8. Be2 Bb6 9. O-O d6 10. b4 Nac6
11. Nxc6 Nxc6 12. Bxb6 axb6 13. Qb3 Ne5 14. Nd2 O-O 15. f4
1-0

[Event "Drive the Cold Winter Away!!!"]
[Site "SchemingMind.com"]
[Date "2012.02.13"]
[Round "-"]
[White "olavax"]
[Black "Olli Ylönen"]
[Result "0-1"]
[WhiteCountry "FRA"]
[BlackCountry "FIN"]
[WhiteElo "1562"]
[WhiteRD "104"]
[BlackElo "1815"]
[BlackRD "53"]
[GameID "303060"]

1. e4 e5 2. f4 exf4 3. Nf3 g5 4. h4 g4 5. Ng5 h6 6. Nxf7 Kxf7 7. Qxg4 Nf6 8. Qxf4 Bd6 9. Bc4+ Kg7 10. e5 Bxe5
11. Qf2 d5 12. Bb3 Ne4 13. Qe3 Bg3+
0-1

[Event "Drive the Cold Winter Away!!!"]
[Site "SchemingMind.com"]
[Date "2012.02.10"]
[Round "-"]
[White "ampp"]
[Black "cnile"]
[Result "0-1"]
[WhiteCountry "POR"]
[BlackCountry "SCO"]
[WhiteElo "1224"]
[WhiteRD "73"]
[BlackElo "1437"]
[BlackRD "64"]
[GameID "303162"]

1. e4 e6 2. d4 d5 3. e5 c5 4. Nf3 Nc6 5. Be3 Qb6 6. Be2 Qxb2 7. Nbd2 cxd4 8. Nxd4 Nxe5 9. O-O Nf6 10. N2b3 Qa3
11. Nb5 Qa4 12. Bd4 Bd6 13. Nxd6+ Ke7 14. Nxc8+ Rhxc8 15. Nc5 Rxc5 16. Bxc5+ Kd7 17. Bd4 Nc6 18. Bxf6 gxf6 19. h3 Rc8 20. Bh5 Rg8
21. c3 Qe4 22. Bxf7 Qxg2#
0-1

[Event "Drive the Cold Winter Away!!!"]
[Site "SchemingMind.com"]
[Date "2012.02.10"]
[Round "-"]
[White "cnile"]
[Black "ampp"]
[Result "0-1"]
[WhiteCountry "SCO"]
[BlackCountry "POR"]
[WhiteElo "1437"]
[WhiteRD "64"]
[BlackElo "1224"]
[BlackRD "73"]
[GameID "303164"]

1. d4 d5 2. c4 c6 3. e3 Bf5 4. Nc3 e6 5. Be2 Nf6 6. b3 Nbd7 7. Nf3 dxc4 8. bxc4 Bb4 9. O-O Bxc3 10. Rb1 Bxb1
11. Qb3 b5 12. Qxc3 Bf5 13. Ba3 Rb8 14. cxb5 cxb5 15. Bb4 Rc8 16. Qa3 Ne4 17. Bxb5 Rb8 18. Ba6 Nb6 19. Ba5 Qd6 20. Bb4 Qc6
21. Rb1 Nc4 22. Bxc4 Nd2 23. Nxd2 Bxb1 24. Nxb1 Qxc4 25. g3 Rxb4 26. Qxa7 Rxb1+ 27. Kg2 O-O
0-1

[Event "Drive the Cold Winter Away!!!"]
[Site "SchemingMind.com"]
[Date "2012.02.11"]
[Round "-"]
[White "THart"]
[Black "nikolai poopius"]
[Result "1/2-1/2"]
[WhiteCountry "USA"]
[BlackCountry "USA"]
[WhiteElo "1786"]
[WhiteRD "83"]
[BlackElo "1877"]
[BlackRD "148"]
[GameID "303209"]

1. d4 Nf6 2. Nf3 g6 3. Nbd2 d5 4. e3 Bg7 5. Bd3 O-O 6. O-O c5 7. c3 Nbd7 8. Re1 Qc7 9. e4 dxe4 10. Nxe4 Nxe4
11. Bxe4 Nf6 12. h3 Rd8 13. Qc2 Nxe4 14. Qxe4 Bf5 15. Qxe7 Qxe7 16. Rxe7 cxd4 17. cxd4 Bxd4 18. Nxd4 Rxd4 19. Be3 Rd7 20. Rxd7 Bxd7
21. Rc1 Bc6 22. Rd1 a5 23. Bb6 a4 24. Rd8+ Rxd8 25. Bxd8 Kg7 26. Bb6 Bd5 27. a3 f6 28. f4 h6 29. g3 g5 30. fxg5 hxg5
31. Kf2 Kg6 32. g4 f5 33. gxf5+=
1/2-1/2

[Event "Drive the Cold Winter Away!!!"]
[Site "SchemingMind.com"]
[Date "2012.02.11"]
[Round "-"]
[White "nikolai poopius"]
[Black "THart"]
[Result "1-0"]
[WhiteCountry "USA"]
[BlackCountry "USA"]
[WhiteElo "1917"]
[WhiteRD "141"]
[BlackElo "1826"]
[BlackRD "75"]
[GameID "303214"]

1. e4 c6 2. d4 d5 3. Nc3 dxe4 4. Nxe4 Nd7 5. Bd3 Ngf6 6. Ng5 g6 7. N1f3 Bg7 8. Qe2 O-O 9. Bc4 Nd5 10. Bd2 e6
11. O-O Re8 12. Rfe1 Qf6 13. Ne4 Qe7 14. Bg5 f6 15. Bd2 a5 16. Nc3 N7b6 17. Nxd5 cxd5 18. Bb5 Bd7 19. b3 Bxb5 20. Qxb5 Nc8
21. Bxa5 Nd6 22. Qb6 Ra6 23. Qc7 Qxc7 24. Bxc7 Rc6 25. Bxd6 Rxd6 26. c4 dxc4 27. bxc4 b6 28. Rad1 e5 29. g4 Kf7 30. dxe5 Rxd1
31. Rxd1 fxe5 32. Rd7+ Kg8 33. Rd2 h6 34. Re2 Kf7 35. Nd2 Ke6 36. Ne4 Rd8 37. c5 bxc5 38. Nxc5+ Ke7 39. Rb2 Rd1+ 40. Kg2 Kf6
41. Rb6+ Kf7 42. Rb7+ Kg8 43. Ne6 Bf6 44. h3 Rd6 45. Nc5 Rd8 46. a4 Ra8 47. Nd7 Bd8 48. Rb8 Rxb8 49. Nxb8 Kf7 50. Nc6 Bc7
51. a5 Bxa5 52. Nxa5 Ke6 53. Nc4 Kd5 54. Nd2 g5 55. f3 Kd4 56. Kf2 Kd3 57. Ne4 Kd4 58. Ke2 Kc4 59. Ke3 Kd5 60. Kd3
1-0

[Event "Drive the Cold Winter Away!!!"]
[Site "SchemingMind.com"]
[Date "2012.02.13"]
[Round "-"]
[White "Majoanis"]
[Black "joeuno"]
[Result "1-0"]
[WhiteCountry "CAN"]
[BlackCountry "USA"]
[WhiteElo "1887"]
[WhiteRD "54"]
[BlackElo "1015"]
[BlackRD "114"]
[GameID "303280"]

1. Nf3 d5 2. b3 e6 3. Bb2 Bd6 4. Bxg7 Nc6 5. Bxh8 f6 6. e3 e5 7. Bb5 a6 8. Bxc6+ bxc6 9. d4 Bb4+ 10. c3 Ba5
11. O-O exd4 12. cxd4 Bb6 13. Nc3 c5 14. dxc5 Bxc5 15. Qxd5 Qxd5 16. Nxd5 Bg4 17. Nxf6+ Kf7 18. Nxg4 Ne7 19. Bd4 Bb4 20. Nge5+ Ke6
21. Rac1 c5 22. Bc3 Ba3 23. Rcd1 Nd5 24. Ba1 Bb4 25. g3 a5 26. e4 Nf6 27. Nc6 Ba3 28. Bxf6 Kxf6 29. e5+ Ke6 30. Ng5+ Kf5
31. Nf3 Rc8 32. Nxa5 Ra8 33. Nc4 Bb4 34. a4 Rb8 35. Rd6 Ke4 36. Nfd2+ Bxd2 37. Nxd2+ Kxe5 38. Nc4+ Ke4 39. Kg2 Rxb3 40. Nd2+
1-0

[Event "Drive the Cold Winter Away!!!"]
[Site "SchemingMind.com"]
[Date "2012.02.13"]
[Round "-"]
[White "reo"]
[Black "Clive Everill"]
[Result "0-1"]
[WhiteCountry "THA"]
[BlackCountry "CZE"]
[WhiteElo "1707"]
[WhiteRD "107"]
[BlackElo "1753"]
[BlackRD "55"]
[GameID "303283"]

1. d4 Nf6 2. c4 g6 3. Nc3 d5 4. e3 Bg7 5. Qb3 e6 6. Qa3 Nc6 7. b4 O-O 8. Nf3 b6 9. c5 Bb7 10. Ba6 Bxa6
11. Qxa6 Nxb4 12. Qa4 Nd3+ 13. Ke2 Nxc1+ 14. Rhxc1 bxc5 15. dxc5 Ne4 16. Qa3 Nxc3+ 17. Rxc3 Bxc3 18. Qxc3 Rb8
0-1

[Event "Drive the Cold Winter Away!!!"]
[Site "SchemingMind.com"]
[Date "2012.02.12"]
[Round "-"]
[White "SittingBull"]
[Black "kenneth m day"]
[Result "1-0"]
[WhiteCountry "CAN"]
[BlackCountry "USA"]
[WhiteElo "1822"]
[WhiteRD "80"]
[BlackElo "1859"]
[BlackRD "56"]
[GameID "303284"]

1. e4 c5 2. Nf3 d6 3. d4 cxd4 4. Nxd4 Nf6 5. Nc3 a6 6. Bg5 e6 7. f4 Be7 8. Qf3 Qc7 9. O-O-O Nbd7 10. Bd3 h6
11. Bh4 g5 12. fxg5 Ne5 13. Qf2 Nfg4 14. Qe2 hxg5 15. Bg3 b5 16. h3 Nxd3+ 17. Rxd3 Nf6 18. e5 dxe5 19. Bxe5 Qc5 20. Rf1 Rh6
21. Nb3 Qc4 22. Rdf3 Qxe2 23. Nxe2 Bb7 24. R3f2 Nd7 25. Bg7 Rh7 26. Rxf7 Ne5 27. Rxe7+ Kxe7 28. Bxe5 Bxg2 29. Rg1 Bxh3 30. Rxg5 Bf5
31. Ned4 Rh1+ 32. Kd2 Be4 33. Nc5 Bd5 34. a3 Rf8 35. Rg7+ Ke8 36. Ndxe6 Rf2+ 37. Ke3 Rxc2 38. Nc7+ Kd8 39. Rd7+ Kc8 40. Nxd5 Rh3+
41. Kf4 Rxc5 42. Nb6#
1-0

[Event "Drive the Cold Winter Away!!!"]
[Site "SchemingMind.com"]
[Date "2012.02.14"]
[Round "-"]
[White "joeuno"]
[Black "Majoanis"]
[Result "0-1"]
[WhiteCountry "USA"]
[BlackCountry "CAN"]
[WhiteElo "1015"]
[WhiteRD "114"]
[BlackElo "1887"]
[BlackRD "54"]
[GameID "303288"]

1. e4 e6 2. d3 d5 3. Be3 dxe4 4. dxe4 Qxd1+ 5. Kxd1 Nf6 6. Nd2 Nc6 7. Ngf3 Be7 8. Bd3 O-O 9. Re1 e5 10. Re2 Bg4
11. h3 Be6 12. Ng5 Bd7 13. Nc4 Rfe8 14. Ke1 a6 15. Rd1 b5 16. Na3 Nb4 17. Nf3 Bf8 18. Nxe5 Rxe5 19. Bd4 Ree8 20. f3 c5
21. Bc3 c4 22. Bxb4 Bxb4+ 23. Kf2 Bxa3 24. bxa3 cxd3 25. Rxd3 b4 26. axb4 Bb5 27. Rde3 Bxe2 28. Rxe2 g5 29. c4 Red8 30. e5 Nd7
31. e6 fxe6 32. Rxe6 Kf7 33. Re5 Nxe5 34. c5 Nd3+ 35. Kg3 Nxc5 36. bxc5 Rac8 37. Kg4 Rxc5 38. h4 h6 39. hxg5 Rxg5+
0-1

[Event "Drive the Cold Winter Away!!!"]
[Site "SchemingMind.com"]
[Date "2012.02.13"]
[Round "-"]
[White "Clive Everill"]
[Black "reo"]
[Result "0-1"]
[WhiteCountry "CZE"]
[BlackCountry "THA"]
[WhiteElo "1733"]
[WhiteRD "56"]
[BlackElo "1734"]
[BlackRD "102"]
[GameID "303291"]

1. e4 e5 2. Nc3 Bb4 3. Bc4 Nf6 4. d3 h6 5. Ne2 O-O 6. O-O c6 7. a3 Ba5 8. b4 Bc7 9. Bb2 d5 10. exd5 cxd5
11. Bb3 Nc6 12. Nb5 Bb8 13. Kh1 Ng4 14. h3 Nf6 15. Qc1 a6 16. Nbc3 Qd6 17. Nd1 Nd4 18. Nxd4 exd4 19. f4 Nh5 20. Kg1 Re8
21. Bxd4 Ng3 22. Nc3 Nxf1 23. Qxf1 Be6 24. Re1 Ba7 25. Bxa7 Rxa7 26. f5 Bd7 27. Rxe8+ Bxe8 28. Nxd5 b5 29. f6 g6 30. Qf2 Ra8
31. Qh4 Kh7 32. Ne7 Ra7 33. Nd5 Bd7 34. c4 Bf5 35. Qd4 Rd7 36. Qe3 bxc4 37. dxc4 Qb8 38. Qc5 Qa7 39. Qxa7 Rxa7 40. g4 Be6
41. Ne7 Rd7 42. Nd5 Rd6 43. Kf2 Bxd5 44. cxd5 Rxf6+ 45. Ke3 Rb6 46. Bc4 f5 47. gxf5 gxf5 48. Kf4 Kg6 49. h4 Kf6 50. h5 Rd6
51. a4 Rd8 52. b5 axb5 53. axb5 Rc8 54. Bd3 Rc5 55. b6 Rxd5 56. b7 Rd4+ 57. Ke3 Rb4 58. Ba6 f4+ 59. Kf3 Ke5 60. Kg4 Rb3
61. Kh4 f3 62. Kg4 f2 63. Kh4 Kf4
0-1

[Event "Drive the Cold Winter Away!!!"]
[Site "SchemingMind.com"]
[Date "2012.02.12"]
[Round "-"]
[White "kenneth m day"]
[Black "SittingBull"]
[Result "1-0"]
[WhiteCountry "USA"]
[BlackCountry "CAN"]
[WhiteElo "1920"]
[WhiteRD "54"]
[BlackElo "1815"]
[BlackRD "81"]
[GameID "303292"]

1. e4 e6 2. d4 d5 3. Nd2 Be7 4. Bd3 c5 5. c3 Nc6 6. Ngf3 cxd4 7. cxd4 dxe4 8. Nxe4 Nf6 9. O-O O-O 10. Be3 Bd7
11. Rc1 Qa5 12. Qb3 Nb4 13. Nxf6+ Bxf6 14. Bd2
1-0

[Event "Drive the Cold Winter Away!!!"]
[Site "SchemingMind.com"]
[Date "2012.04.23"]
[Round "-"]
[White "kenneth m day"]
[Black "eun77"]
[Result "1-0"]
[WhiteCountry "USA"]
[BlackCountry "ISR"]
[WhiteElo "1775"]
[WhiteRD "51"]
[BlackElo "1403"]
[BlackRD "72"]
[GameID "308695"]

1. e4 e5 2. Nf3 d6 3. d4 exd4 4. Nxd4 Nc6 5. Bc4 Nxd4 6. Qxd4 Qf6 7. Be3 Qxd4 8. Bxd4 c5 9. Bc3 Be6 10. Bb5+ Bd7
11. Na3 Bxb5 12. Nxb5 Kd8 13. O-O-O f6 14. Nxd6 Bxd6 15. Rxd6+ Ke7 16. Rhd1 Kf7 17. Rd7+ Ne7 18. Rxb7 Rad8 19. Rdd7 Rxd7 20. Rxd7 Re8
21. Rxa7 Kf8 22. a4 Ng6 23. f3 Ne5 24. a5 Rb8 25. b3 h6 26. a6 Nc6 27. Rb7 Rxb7 28. axb7 Ke7 29. Bb2 Kd7 30. Ba3 Kc7
31. Bxc5 Kxb7 32. Bf8 g5 33. Bxh6 Ne5 34. c4 Kc6 35. Bg7 Nd7 36. Kc2 Kc5 37. Kc3 Kc6 38. b4 Kb6 39. Kd4 Kc6 40. g3 Kb6
41. f4 Kc6 42. h4 gxh4 43. gxh4 Kd6 44. h5 Ke6 45. c5 Kf7 46. h6 Kg6 47. c6 Nb6 48. Kc5 Nc8 49. b5 Kh7 50. b6 f5
51. e5 Ne7 52. b7 Ng6 53. b8=Q Nxf4 54. c7 Ne6+ 55. Kd6 Nxg7 56. hxg7 f4 57. g8=Q+ Kh6 58. Qb1 Kh5 59. Qbh7#
1-0

[Event "Drive the Cold Winter Away!!!"]
[Site "SchemingMind.com"]
[Date "2012.04.23"]
[Round "-"]
[White "eun77"]
[Black "kenneth m day"]
[Result "1-0"]
[WhiteCountry "ISR"]
[BlackCountry "USA"]
[WhiteElo "1381"]
[WhiteRD "66"]
[BlackElo "1721"]
[BlackRD "52"]
[GameID "308703"]

1. d4 Nf6 2. e3 d5 3. h3 Bf5 4. Bd3 Qd7 5. Bxf5 Qxf5 6. Nf3 e6 7. O-O Bd6 8. Nh4 Qe4 9. Nf3 Nbd7 10. Qd3 O-O
11. Qxe4 Nxe4 12. Nbd2 Ndf6 13. Nxe4 Nxe4 14. Nd2 Nf6 15. Nf3 Rac8 16. a4 b6 17. b3 c5 18. dxc5 Rxc5 19. Ba3 Rc6 20. Bxd6 Rxd6
21. Rac1 Rc8 22. Rfd1 Rdc6 23. Rd2 Ne4 24. Re2 Nc3 25. Rd2 Na2 26. Ra1 Nb4 27. Nd4 Rc3 28. a5 Nxc2 29. Nxc2 Rxb3 30. axb6 axb6
31. Nd4 Rbc3 32. Rc2 g6 33. Rxc3 Rxc3 34. Ra8+ Kg7 35. Rb8 Rc1+ 36. Kh2 Rb1 37. Rb7 Kf6 38. Nc6 b5 39. Nd8 b4 40. Rxf7+ Ke5
41. Nc6+ Ke4 42. Rxh7 Kd3 43. Nxb4+ Rxb4 44. Rg7 Ke2 45. Rxg6 Kxf2 46. Rxe6 Rh4 47. Re5 d4 48. exd4 Rxd4 49. Rf5+ Ke3 50. Rf3+ Ke4
51. h4 Ke5 52. Kh3 Rd8 53. h5 Rg8 54. g4 Ke4 55. Rf7 Rh8 56. Kh4 Ke5 57. g5 Ke6 58. Rf1 Ra8 59. h6
1-0

[Event "Drive the Cold Winter Away!!!"]
[Site "SchemingMind.com"]
[Date "2012.04.22"]
[Round "-"]
[White "Majoanis"]
[Black "reo"]
[Result "0-1"]
[WhiteCountry "CAN"]
[BlackCountry "THA"]
[WhiteElo "1777"]
[WhiteRD "54"]
[BlackElo "1834"]
[BlackRD "85"]
[GameID "308911"]

1. d4 d5 2. Nf3 c6 3. c4 Nf6 4. Qb3 dxc4 5. Qxc4 Bf5 6. g3 e6 7. Bg2 Nbd7 8. O-O Be7 9. Nc3 O-O 10. Rd1 Nb6
11. Qb3 h6 12. Ne5 Nbd5 13. Nxd5 cxd5 14. Qxb7 Bd6 15. Qb3 Qc7 16. Bf4 Rab8 17. Qc3 Qb6 18. b3 Rbc8 19. Qe1 Bc2 20. Rdc1 Ba3
0-1

[Event "Drive the Cold Winter Away!!!"]
[Site "SchemingMind.com"]
[Date "2012.04.22"]
[Round "-"]
[White "reo"]
[Black "Majoanis"]
[Result "1-0"]
[WhiteCountry "THA"]
[BlackCountry "CAN"]
[WhiteElo "1858"]
[WhiteRD "86"]
[BlackElo "1834"]
[BlackRD "55"]
[GameID "308913"]

1. Nf3 d5 2. g3 c6 3. Bg2 Bg4 4. O-O e6 5. b3 Nd7 6. Bb2 Ngf6 7. d3 Be7 8. Nbd2 O-O 9. c4 a5 10. Qc2 a4
11. a3 axb3 12. Nxb3 Re8 13. c5 Nf8 14. d4 Ng6 15. Nbd2 Bf8 16. e3 Bf5 17. Qb3 Rb8 18. Rfe1 Ne4 19. Nxe4 Bxe4 20. a4 e5
21. a5 Bd3 22. Qxd3 e4 23. Qc2 exf3 24. Bxf3 Qg5 25. Kh1 Re6 26. e4 dxe4 27. Bxe4 Rbe8 28. Bc3 Qh5 29. a6 bxa6 30. Bxc6 Rxc6
31. Rxe8 Qf3+ 32. Kg1 Nf4 33. gxf4 Rg6+ 34. Kf1 Qc6 35. Re3
1-0

[Event "Drive the Cold Winter Away!!!"]
[Site "SchemingMind.com"]
[Date "2012.04.23"]
[Round "-"]
[White "ampp"]
[Black "nikolai poopius"]
[Result "0-1"]
[WhiteCountry "POR"]
[BlackCountry "USA"]
[WhiteElo "1248"]
[WhiteRD "76"]
[BlackElo "1893"]
[BlackRD "135"]
[GameID "309129"]

1. e4 c5 2. Nf3 d6 3. Bb5+ Bd7 4. Bxd7+ Qxd7 5. O-O Nc6 6. d3 Nf6 7. Nc3 g6 8. a3 Bg7 9. Bg5 O-O 10. Qd2 Rfe8
11. Bh6 Bh8 12. h3 e6 13. Rfe1 Rab8 14. b3 a6 15. d4 cxd4 16. Ne2 Nxe4 17. Qd3 Nc5 18. Qd1 d3 19. Rb1 dxe2
0-1

[Event "Drive the Cold Winter Away!!!"]
[Site "SchemingMind.com"]
[Date "2012.04.24"]
[Round "-"]
[White "nikolai poopius"]
[Black "ampp"]
[Result "1-0"]
[WhiteCountry "USA"]
[BlackCountry "POR"]
[WhiteElo "1893"]
[WhiteRD "135"]
[BlackElo "1248"]
[BlackRD "76"]
[GameID "309136"]

1. d4 d5 2. c4 c6 3. Nf3 Nf6 4. Nc3 Bg4 5. Ne5 Bf5 6. cxd5 cxd5 7. e4 dxe4 8. Qb3 Be6 9. Qxb7 Nbd7 10. Nb5 Bd5
11. Nc7+
1-0

[Event "Drive the Cold Winter Away!!!"]
[Site "SchemingMind.com"]
[Date "2012.05.04"]
[Round "-"]
[White "Olli Ylönen"]
[Black "maro"]
[Result "1-0"]
[WhiteCountry "FIN"]
[BlackCountry "MEX"]
[WhiteElo "1819"]
[WhiteRD "52"]
[BlackElo "1399"]
[BlackRD "63"]
[GameID "309580"]

1. e4 e5 2. Nf3 Nf6 3. d4 Nxe4 4. Bd3 Nf6 5. dxe5 Nd5 6. Bxh7 Rxh7 7. Qxd5 d6 8. O-O Be6 9. Qxb7 Nd7 10. Qe4 Nc5
11. Qxh7 Qe7 12. exd6 cxd6 13. Qh4 Qxh4 14. Nxh4 g5 15. Bxg5 Ne4 16. Be3 O-O-O 17. Bxa7 d5 18. f3 Bc5+ 19. Bxc5 Nxc5 20. Nc3 d4
21. Ne4 d3 22. Nxc5
1-0

[Event "Drive the Cold Winter Away!!!"]
[Site "SchemingMind.com"]
[Date "2012.07.02"]
[Round "-"]
[White "nikolai poopius"]
[Black "reo"]
[Result "0-1"]
[WhiteCountry "USA"]
[BlackCountry "THA"]
[WhiteElo "1861"]
[WhiteRD "125"]
[BlackElo "1882"]
[BlackRD "88"]
[GameID "313424"]

1. d4 Nf6 2. Nf3 e6 3. c4 b6 4. a3 Bb7 5. Nc3 d5 6. cxd5 Nxd5 7. e3 g6 8. Bb5+ c6 9. Bd3 Bg7 10. e4 Nxc3
11. bxc3 O-O 12. Bg5 f6 13. Be3 f5 14. Qb3 Kh8 15. Ng5 Bc8 16. exf5 gxf5 17. Nxe6 Bxe6 18. Qxe6 f4 19. Bd2 Re8
0-1

[Event "Drive the Cold Winter Away!!!"]
[Site "SchemingMind.com"]
[Date "2012.07.02"]
[Round "-"]
[White "reo"]
[Black "nikolai poopius"]
[Result "0-1"]
[WhiteCountry "THA"]
[BlackCountry "USA"]
[WhiteElo "1864"]
[WhiteRD "83"]
[BlackElo "1902"]
[BlackRD "122"]
[GameID "313429"]

1. e4 c5 2. Nf3 d6 3. d4 cxd4 4. Nxd4 Nf6 5. Nc3 a6 6. Be2 e5 7. Nb3 Be7 8. g4 Be6 9. g5 Nfd7 10. h4 Nb6
11. Be3 d5 12. Bxb6 Qxb6 13. Nxd5 Bxd5 14. Qxd5 Nc6 15. O-O-O Rd8 16. Qc4 O-O 17. Rhf1 Kh8 18. Rxd8 Qxd8 19. Nd2 Qd7 20. Rh1 b5
21. Qb3 Nd4 22. Qd3 a5 23. Nf3 f6 24. Nxd4 exd4 25. f4 Qd6 26. Qg3 fxg5 27. hxg5 Qxf4+ 28. Qxf4 Rxf4 29. Bxb5 Bxg5 30. Kd1 Rxe4
31. Bd3 Rh4 32. Re1 g6 33. Re5 Rh1+ 34. Ke2 Bc1 35. b3 Rh2+ 36. Kf3 Bd2 37. a4 Rh1 38. Rd5 Rh4 39. Re5 Kg7 40. Re4 Rxe4
41. Kxe4 Bc3 42. Kd5 h5 43. Kc4 Kf6 44. b4 Bxb4 45. Kxd4 g5 46. c4 Bd6 47. Kd5 Bh2 48. c5 g4 49. c6 Bc7 50. Ke4 Kg5
51. Ke3 Kh4 52. Kf2 Kh3 53. Kg1 Kg3
0-1

[Event "Drive the Cold Winter Away!!!"]
[Site "SchemingMind.com"]
[Date "2012.10.10"]
[Round "-"]
[White "kenneth m day"]
[Black "Olli Ylönen"]
[Result "0-1"]
[WhiteCountry "USA"]
[BlackCountry "FIN"]
[WhiteElo "1752"]
[WhiteRD "52"]
[BlackElo "1906"]
[BlackRD "55"]
[GameID "318986"]

1. e4 c5 2. Nf3 d6 3. d4 cxd4 4. Nxd4 Nf6 5. Nc3 g6 6. f3 Bg7 7. Be3 O-O 8. Qd2 Nc6 9. O-O-O Nxd4 10. Bxd4 Be6
11. g4 Qa5 12. Kb1 Rfc8 13. a3 Rab8 14. g5 Nh5 15. Bxg7 Kxg7 16. Qd4+ Kg8 17. h4 Ng3 18. Rg1 Nxf1 19. Rgxf1 Rc4 20. Qd3 Rbc8
21. f4 Rxc3 22. bxc3 Rxc3 23. Qd4 Qxa3 24. Rd3 Qa2+
0-1

[Event "Drive the Cold Winter Away!!!"]
[Site "SchemingMind.com"]
[Date "2012.10.10"]
[Round "-"]
[White "Olli Ylönen"]
[Black "kenneth m day"]
[Result "1-0"]
[WhiteCountry "FIN"]
[BlackCountry "USA"]
[WhiteElo "1906"]
[WhiteRD "55"]
[BlackElo "1752"]
[BlackRD "52"]
[GameID "318990"]

1. d4 d5 2. c4 Nc6 3. Nc3 dxc4 4. Nf3 Nf6 5. e4 Bg4 6. Be3 e6 7. Bxc4 Bb4 8. Qc2 O-O 9. Rd1 Qe7 10. Be2 a5
11. a3 Bxc3+ 12. Qxc3 Nxe4 13. Qc2 Nf6 14. d5 exd5 15. Bc5 Bf5 16. Qc3 Ne4 17. Bxe7 Nxc3 18. bxc3 Nxe7 19. Nd4 Bg6 20. O-O Rfe8
21. Nb5 Rac8 22. Bd3 c6 23. Nd6 f5 24. Nxc8 Nxc8 25. g4 Rf8 26. gxf5 Bh5 27. Rb1 b5 28. a4 Nd6 29. axb5 cxb5 30. Bxb5 Rxf5
31. h3 Bf3 32. Bd3 Rg5+ 33. Kh2 Rg2+ 34. Kh1 Rxf2+ 35. Kg1 Rg2+ 36. Kh1 Rd2+ 37. Rxf3
1-0

[Event "Drive the Cold Winter Away!!!"]
[Site "SchemingMind.com"]
[Date "2012.12.25"]
[Round "-"]
[White "reo"]
[Black "Olli Ylönen"]
[Result "0-1"]
[WhiteCountry "THA"]
[BlackCountry "FIN"]
[WhiteElo "1855"]
[WhiteRD "108"]
[BlackElo "1848"]
[BlackRD "54"]
[GameID "323848"]

1. d4 Nf6 2. c4 g6 3. Nc3 d5 4. Bf4 Bg7 5. Nf3 O-O 6. Rc1 dxc4 7. e4 Bg4 8. Bxc4 Bxf3 9. Qxf3 Nc6 10. d5 Nd4
11. Qd1 c5 12. O-O a6 13. Re1 b5 14. Bf1 e6 15. dxe6 Nxe6 16. Be5 Qxd1 17. Rcxd1 Rfd8 18. g3 Rxd1 19. Nxd1 Rd8 20. Re2 Rxd1
0-1

[Event "Drive the Cold Winter Away!!!"]
[Site "SchemingMind.com"]
[Date "2012.12.25"]
[Round "-"]
[White "Olli Ylönen"]
[Black "reo"]
[Result "0-1"]
[WhiteCountry "FIN"]
[BlackCountry "THA"]
[WhiteElo "1848"]
[WhiteRD "54"]
[BlackElo "1855"]
[BlackRD "108"]
[GameID "323856"]

1. e4 e5 2. Nf3 Nc6 3. Bb5 a6 4. Ba4 Nf6 5. O-O Nxe4 6. d4 b5 7. Bb3 d5 8. dxe5 Be6 9. Nbd2 Nc5 10. c3 Bg4
11. Bc2 Ne6 12. Re1 Bc5 13. Nb3 Bb6 14. a4 b4 15. a5 Ba7 16. cxb4 Nxb4 17. Ra4 Qe7 18. Bb1 h6 19. Bd2 Rb8 20. Bxb4 Rxb4
21. Rxb4 Qxb4 22. h3 Bxf3 23. gxf3 Qh4 24. Bf5 Bxf2+ 25. Kh2 Bxe1 26. Qxd5 Qf4+
0-1